Les codes juridiques - Statistiques

Statistiques générales
  • Ce quiz a été pris 158 fois
  • Le résultat moyen est 31 sur 70
Statistiques - réponses
Réponse % Correct
Civil
97%
Pénal
91%
Des pensions de retraite des marins français du commerce, de pêche ou de plaisance
87%
Commerce
77%
Du travail
76%
Du travail applicable à Mayotte
76%
Livre des procédures fiscales
76%
Rural et de la pêche maritime
67%
Ports maritimes
66%
De la route
63%
De procédure pénale
63%
De procédure civile
60%
Des procédure civiles d'exécution
60%
Général des impôts
60%
De justice administrative
59%
De justice militaire
56%
Domaine de l'État et des collectivités publiques applicable à la collectivité territoriale de Mayotte
56%
L De la Légion d'honneur, de la Médaille militaire et de l'ordre national du Mérite
55%
G Général de la propriété des personnes publiques
55%
F La Famille et de l'aide sociale
54%
L'environnement
54%
Du sport
53%
Général des collectivités territoriales
53%
Monétaire et financier
51%
S De la santé publique
49%
U L'urbanisme
49%
De la sécurité intérieure
48%
De la sécurité sociale
48%
Des relations entre le public et l'administration
48%
Des pensions civiles et militaires de retraite
47%
Des pensions militaires d'invalidité et des victimes de guerre
47%
Rural
46%
L'aviation civile
45%
E L'Éducation
44%
Travail maritime
42%
Construction et de l'habitation
41%
O De l'organisation judiciaire
40%
De la propriété intellectuelle
39%
Assurances
38%
J Des juridictions financières
37%
Des transports
37%
Éléctoral
37%
L'énergie
37%
L'entrée et du séjour des étrangers et du droit d'asile
35%
Forestier
34%
Commande publique
32%
Communes de la Nouvelle-Calédonie
31%
Douanes
31%
Du service national
31%
M Minier
31%
Communes
30%
Consommation
30%
Des postes et des communications électroniques
30%
T Du tourisme
29%
D Défense
28%
R De la recherche
28%
Douanes de Mayotte
28%
Déontologie des architectes
27%
A L'Action social et des familles
26%
L'artisanat
26%
C Cinéma et de l'image animée
23%
Disciplinaire et pénal de la marine marchande
23%
De la Mutualité
22%
I Des instruments monétaires et des médailles
22%
P Du patrimoine
19%
Domaine de l'État
17%
L'expropriation pour cause d'utilité publique
16%
Domaine public fluvial et de la navigation intérieure
15%
V La voirie routière
11%
De la justice pénale des mineurs
2%
Aucun quiz correspondant
Distribution des résultats
% des personnes avec chaque résultat
Percentile par nombre de réponses
Votre historique - résultats
Vous n’avez pas pris ce quiz